Tales from a not-so-bratty little sister / (Record no. 401825)
[ view plain ]
| 000 -LEADER | |
|---|---|
| fixed length control field | 02056nam a2200457 i 4500 |
| 001 - CONTROL NUMBER | |
| control field | in503330154 |
| 003 - CONTROL NUMBER IDENTIFIER | |
| control field | Ingram |
| 005 - DATE AND TIME OF LATEST TRANSACTION | |
| control field | 20241108131301.0 |
| 008 - FIXED-LENGTH DATA ELEMENTS--GENERAL INFORMATION | |
| fixed length control field | 240605s2024 nyua c 000 1 eng d |
| 020 ## - INTERNATIONAL STANDARD BOOK NUMBER | |
| International Standard Book Number | 9781665974608 |
| Qualifying information | (hardcover) |
| 040 ## - CATALOGING SOURCE | |
| Original cataloging agency | TnLvILS |
| Language of cataloging | eng |
| Description conventions | rda |
| Transcribing agency | TnLvILS |
| Modifying agency | TnLvILS |
| 092 ## - LOCALLY ASSIGNED DEWEY CALL NUMBER (OCLC) | |
| Classification number | junior fiction |
| Item number | Russell |
| 100 1# - MAIN ENTRY--PERSONAL NAME | |
| Personal name | Russell, Rachel René, |
| Relator term | author, |
| -- | illustrator. |
| 9 (RLIN) | 5734368 |
| 245 10 - TITLE STATEMENT | |
| Title | Tales from a not-so-bratty little sister / |
| Statement of responsibility, etc | Rachel René Russell. |
| 250 ## - EDITION STATEMENT | |
| Edition statement | First Aladdin hardcover edition. |
| 264 #1 - Production, Publication, Distribution, Manufacture, and Copyright Notice. | |
| Place of production, publication, distribution, manufacture | New York, NY : |
| Name of producer, publisher, distributor, manufacturer | Aladdin, an imprint of Simon & Schuster Children's Publishing Division, |
| Date of production, publication, distribution, manufacture, or copyr | 2024. |
| 300 ## - PHYSICAL DESCRIPTION | |
| Extent | 240 pages : |
| Other physical details | illustrations ; |
| Dimensions | 20 cm. |
| 336 ## - Content Type | |
| Content type term | text |
| 336 ## - Content Type | |
| Content type term | still image |
| 337 ## - Media type | |
| Media type term | unmediated |
| 338 ## - Carrier type | |
| Carrier type term | volume |
| 490 1# - SERIES STATEMENT | |
| Series statement | Dork diaries ; |
| Volume number/sequential designation | 16. |
| 520 ## - SUMMARY, ETC. | |
| Summary, etc | "It's almost time for school to start again, and Nikki is a little worried--but, as always, she has her BFFS to help. Only, it turns out her friends need Nikki's help. Nikki quickly gets overwhelmed and even starts feeling sick...which is when her little sister, Brianna, takes her chance to steal Nikki's diary! How much damage can Brianna do before Nikki is back on her feet?"-- |
| 521 1# - TARGET AUDIENCE NOTE | |
| Target audience note | 09-13. |
| 521 2# - TARGET AUDIENCE NOTE | |
| Target audience note | 04-08. |
| 650 #0 - SUBJECT ADDED ENTRY--TOPICAL TERM | |
| Topical term or geographic name as entry element | Diaries |
| Form subdivision | Juvenile fiction. |
| 9 (RLIN) | 5675979 |
| 650 #0 - SUBJECT ADDED ENTRY--TOPICAL TERM | |
| Topical term or geographic name as entry element | Friendship |
| Form subdivision | Juvenile fiction. |
| 9 (RLIN) | 5673647 |
| 650 #0 - SUBJECT ADDED ENTRY--TOPICAL TERM | |
| Topical term or geographic name as entry element | Anxiety in children |
| Form subdivision | Juvenile fiction. |
| 9 (RLIN) | 6372943 |
| 650 #0 - SUBJECT ADDED ENTRY--TOPICAL TERM | |
| Topical term or geographic name as entry element | Sisters |
| Form subdivision | Juvenile fiction. |
| 9 (RLIN) | 5674652 |
| 650 #0 - SUBJECT ADDED ENTRY--TOPICAL TERM | |
| Topical term or geographic name as entry element | Middle schools |
| Form subdivision | Juvenile fiction.3. |
| 9 (RLIN) | 6496383 |
| 650 #1 - SUBJECT ADDED ENTRY--TOPICAL TERM | |
| Topical term or geographic name as entry element | Diaries |
| Form subdivision | Fiction. |
| 9 (RLIN) | 5674805 |
| 650 #1 - SUBJECT ADDED ENTRY--TOPICAL TERM | |
| Topical term or geographic name as entry element | Friendship |
| Form subdivision | Fiction. |
| 9 (RLIN) | 5673769 |
| 650 #1 - SUBJECT ADDED ENTRY--TOPICAL TERM | |
| Topical term or geographic name as entry element | Anxiety |
| Form subdivision | Fiction. |
| 9 (RLIN) | 5701999 |
| 650 #1 - SUBJECT ADDED ENTRY--TOPICAL TERM | |
| Topical term or geographic name as entry element | Sisters |
| Form subdivision | Fiction. |
| 9 (RLIN) | 5674091 |
| 650 #1 - SUBJECT ADDED ENTRY--TOPICAL TERM | |
| Topical term or geographic name as entry element | Middle schools |
| Form subdivision | Fiction. |
| 9 (RLIN) | 5675986 |
| 650 #1 - SUBJECT ADDED ENTRY--TOPICAL TERM | |
| Topical term or geographic name as entry element | Schools |
| Form subdivision | Fiction. |
| 9 (RLIN) | 5673727 |
| 655 #7 - INDEX TERM--GENRE/FORM | |
| Genre/form data or focus term | Diary fiction. |
| Source of term | lcgft. |
| 655 #7 - INDEX TERM--GENRE/FORM | |
| Genre/form data or focus term | Humorous fiction. |
| Source of term | lcgft. |
| 800 1# - SERIES ADDED ENTRY--PERSONAL NAME | |
| Personal name | Russell, Rachel René. |
| Title of a work | Dork diaries ; |
| Volume/sequential designation | 16. |
| 9 (RLIN) | 6496384 |
| 942 ## - ADDED ENTRY ELEMENTS (KOHA) | |
| Source of classification or shelving scheme | Dewey Decimal Classification |
| Koha item type | BOOK |
| Withdrawn status | Lost status | Source of classification or shelving scheme | Damaged status | Not for loan | Collection code | Home library | Current library | Shelving location | Date acquired | Source of acquisition | Serial Enumeration / chronology | Total Checkouts | Total Renewals | Full call number | Barcode | Date last seen | Date checked out | Cost, replacement price | Price effective from | Koha item type |
|---|---|---|---|---|---|---|---|---|---|---|---|---|---|---|---|---|---|---|---|---|
| Dewey Decimal Classification | Junior Fiction | Wasatch County Library | Wasatch County Library | Main Floor Junior Area | 11/08/2024 | Micromarketing | #16 Dork Diaries | 14 | 8 | J Russell | 34301002136697 | 03/09/2026 | 02/18/2026 | 14.99 | 11/08/2024 | BOOK |
